00761nam a2200205Ia 4500008004100000082001300041100001500054245004700069250000800116260003300124300001100157500002400168650001400192700001600206942000700222952010300229952010300332952010300435999001700538230524s9999 xx 000 0 und d a540bBHA aS.K.Bhasin 0aLaboratory Manual on Engineering Chemistry aIST aNEW DELHIbDhanpat Raic2008 aXI;352 aQuantity Number: 3 aChemistry a Sudha Rani cBK 00104070aTATCLbTATCLcGENd2023-05-24l0o540 BHAp26885r2023-05-24w2023-05-24yBKzBSCC2201 00104070aTATCLbTATCLcGENd2023-05-24l0o540 BHAp26886r2023-05-24w2023-05-24yBKzBSCC2201 00104070aTATCLbTATCLcGENd2023-05-24l0o540 BHAp26887r2023-05-24w2023-05-24yBKzBSCC2201 c40963d40963